000
00274nam a22000977a 4500
999
_c
521422
_d
521422
082
_a
TNC T19 R812
100
_a
Roy, Ash Narain
_9
35226
245
_a
Globalisation or Gobble-Isation The Arab Experience
_c
by Ash Narain Roy
260
_a
New delhi
_b
Konark
_c
2003
300
_a
189p.